Andanzas y malandanzas de don Fidencio / (Record no. 179930)

MARC details
000 -LEADER
campo de control de longitud fija 00843nam a2200241 i 4500
001 - NÚMERO DE CONTROL
campo de control 179930
003 - IDENTIFICADOR DE NÚMERO DE CONTROL
campo de control ES-MaACL
005 - FECHA Y HORA DE LA ÚLTIMA TRANSACCIÓN
campo de control 20231216062914.0
008 - DATOS DE LONGITUD FIJA--INFORMACIÓN GENERAL
campo de control de longitud fija 120302s1999 sp |||| | spa d
020 ## - NÚMERO INTERNACIONAL ESTÁNDAR DEL LIBRO
Número Internacional Estándar del Libro 84-95192-24-1
080 ## - NÚMERO DE LA CLASIFICACIÓN DECIMAL UNIVERSAL
Número de la Clasificación Decimal Universal 821.134.2-31"19"
100 1# - ENTRADA PRINCIPAL--NOMBRE DE PERSONA
Nombre de persona Peraile, Meliano,
Fechas asociadas al nombre 1922-2005
9 (RLIN) 90346
245 10 - MENCIÓN DEL TÍTULO
Título Andanzas y malandanzas de don Fidencio /
Mención de responsabilidad, etc. Meliano Peraile.
260 ## - PUBLICACIÓN, DISTRIBUCIÓN, ETC.
Lugar de publicación, distribución, etc. Cuenca :
Nombre del editor, distribuidor, etc. Diputación de Cuenca, Departamento de Cultura,
Fecha de publicación, distribución, etc. 1999.
300 ## - DESCRIPCIÓN FÍSICA
Extensión 113 p. ;
Dimensiones 21 cm.
490 1# - MENCIÓN DE SERIE
Mención de serie Creación literaria ;
Designación de volumen o secuencia 11
505 8# - NOTA DE CONTENIDO CON FORMATO
Nota de contenido con formato Contiene: 2 ;
Título Asuntos varios
710 1# - ENTRADA AGREGADA--NOMBRE DE ENTIDAD CORPORATIVA
Nombre de entidad corporativa o nombre de jurisdicción como elemento de entrada Cuenca (Provincia).
Unidad subordinada Diputación Provincial.
9 (RLIN) 3346
830 0# - PUNTO DE ACCESO ADICIONAL DE SERIE-TÍTULO UNIFORME
Título uniforme Creación literaria ;
Designación de volumen o secuencia 11
9 (RLIN) 178462
852 ## - LOCALIZACIÓN
Ubicación ES-MaACL
Número de control de estantería A-12009
itemnumber 186834
Sublocalización o colección R.4146785
Ubicación en estantería Depósito 1
Signatura antigua Olim: N-5014
942 ## - ELEMENTOS DE ENTRADA SECUNDARIOS (KOHA)
Fuente del sistema de clasificación o colocación Clasificación decimal universal
Tipo de ítem Koha Libro impreso
Holdings
Estatus retirado Estado de pérdida Fuente del sistema de clasificación o colocación Estado de daño No para préstamo Biblioteca de origen Biblioteca actual Ubicación en estantería Fecha de adquisición Fuente de adquisición Total de préstamos Signatura topográfica completa Código de barras Visto por última vez Precio de reemplazo Tipo de ítem Koha
    Clasificación decimal universal     Biblioteca del Ateneo de Madrid Biblioteca del Ateneo de Madrid Depósito 1 02/03/2012 Donación   A-12009 1189029 23/02/2023 23/02/2023 Libro impreso